00687cam a22002417a 4500003000500000005001700005008004100022010001000063011001000073020001500083035001000098040000900108082001900117110000800136245011300144260002400257300001000281490003800291650003600329700002200365700002000387830003800407CHAP20220817043551.0990813d1994 it rn 00110 eng d a78712 a79684 a9251036055 a90069 cCHAP04a301.35bF5 v.82 aFAO14aThe development of independent cooperatives in Zambia :ba case-studyc/by Paul Ojermark and Charles Chabala aRome :bFAO,c1994. a59 p. 0aFAO. Participación popularv; 81 aSociedades cooperativasxZambia0 aChabala, Charles.0 aOjermark, Paul.0 aFAO. Participación popularv; 8